Statistics for Countries in the EU

Click here to take the quiz!

General Stats

  • This quiz has been taken 10 times
  • The average score is 24 of 27

Answer Stats

Country% Correct
France
100%
Germany
100%
Netherlands
100%
Austria
90%
Belgium
90%
Czech Republic
90%
Denmark
90%
Estonia
90%
Finland
90%
Hungary
90%
Ireland
90%
Italy
90%
Luxembourg
90%
Poland
90%
Portugal
90%
Romania
90%
Spain
90%
Sweden
90%
Bulgaria
80%
Croatia
80%
Greece
80%
Latvia
80%
Lithuania
80%
Malta
80%
Slovakia
80%
Slovenia
80%
Cyprus
70%

Score Distribution

Percentile by Number Answered

Percent of People with Each Score

Your Score History

You have not taken this quiz